000 00642nam a2200241 a 4500
008
020 _a0194423700 (pbk.)
049 _aMAIN
090 _aQP88
100 1 _aClark, Wilfrid E. Le Gros.
245 1 4 _aThe tissues of the body /
_cby W.E. Le Gros Clark.
250 _a6th ed.
260 _aOxford :
_bClarendon Press,
_c1971.
300 _aix, 424 p. :
_bill. ;
_c24 cm.
500 _aIncludes index.
650 0 _aCells.
650 0 _aHistology.
907 _a.b1005490x
_b24-06-05
_c17-04-03
003
005 20230123133230.0
040 _cNUST
942 _cBOOKS
_kQP88
999 _c145049
_d145049